Škola podnikových financií. 11 - Deriváty cenných papierov
Druhy obchodov, ktoré ovplyvňujú zloženie kapitálu podnikov. Druhy termínových obchodov. Typy swapových obchodov. Výhody menového swapu. Kroky transakcie pri úrokovom swape.
Na minha lista:
| Autor principal: | |
|---|---|
| Outros Autores: | |
| Formato: | Capítulo de Livro |
| Idioma: | eslovaco |
| Assuntos: | |
| Tags: |
Sem tags, seja o primeiro a adicionar uma tag!
|
MARC
| LEADER | 00000naa a2200000 4500 | ||
|---|---|---|---|
| 001 | r021323 | ||
| 005 | 20230801104620.6 | ||
| 041 | 0 | |a slo | |
| 044 | |a SK | ||
| 245 | 1 | 0 | |a Škola podnikových financií. 11 - Deriváty cenných papierov |c Peter Daniel, Peter Krištofík |
| 520 | |a Druhy obchodov, ktoré ovplyvňujú zloženie kapitálu podnikov. Druhy termínových obchodov. Typy swapových obchodov. Výhody menového swapu. Kroky transakcie pri úrokovom swape. | ||
| 610 | 2 | 0 | |a financovanie podnikov |
| 610 | 2 | 0 | |a financie podnikové |
| 610 | 2 | 0 | |a papiere cenné |
| 610 | 2 | 0 | |a deriváty |
| 610 | 2 | 0 | |a obchody termínové |
| 610 | 2 | 0 | |a swap |
| 100 | 1 | |a Daniel, Peter | |
| 700 | 1 | |a Krištofík, Peter | |